000 00538nam a2200217Ia 4500
005 20250130061351.0
008 240331s9999 xx 000 0 und d
020 _a0393012107
082 _bHEI
_2719
_a305.4
100 _aHeilbrun, C. G
245 0 _aReinventing Womanhood
260 _aNew York
_bW. W. Norton & Company
_c1979
260 _aToronto
_bGeorge J. McLeod Limited
_c1979
300 _a244 p.,
650 _aWomen
650 _aHistory
650 _aChildhood
650 _aLiterature
650 _aFamily
942 _cL
999 _c1659
_d1659